[Event "Fossano Sociale op 2nd"]
[Site "Fossano"]
[Date "2016.10.10"]
[Round "5"]
[White "Borello, Paola"]
[Black "Ciancia, Giampiero"]
[Result "0-1"]
[WhiteElo "1428"]
[BlackElo "1639"]
[PlyCount "52"]
[EventDate "2016.09.12"]
[EventType "swiss"]
[EventRounds "7"]
[EventCountry "ITA"]
[SourceTitle "EXT 2018"]
[Source "ChessBase"]
[SourceDate "2017.10.13"]
[SourceVersion "1"]
[SourceVersionDate "2017.10.13"]
[SourceQuality "1"]

1. e4 e5 2. Nf3 Nc6 3. Bb5 a6 4. Ba4 Be7 5. 0-0 Nf6 6. Re1 0-0 7. c3 b5 8. Bb3 Na5 9. Bc2 d6 10. h3 c5 11. d4 cxd4 12. cxd4 exd4 13. Nxd4 Bb7 14. Nf5 Nc4 15. Nxe7+ Qxe7 16. Nc3 Rab8 17. b3 Ne5 18. Bg5 h6 19. Bxf6 Qxf6 20. Nd5 Bxd5 21. exd5 Rfc8 22. Be4 Rc3 23. Rc1 Rbc8 24. Rxc3 Rxc3 25. Qd4 Nf3+ 26. gxf3 Qxd4 0-1